Loading...
| History - American History | 0 | 9 | 1 | 0 | 85 | 66 | 98.89 | 1 | 3 |
| Religion | 0 | 8 | 0 | 2 | 80 | 71 | 110.00 | 0 | 0 |
| History - European History | 0 | 7 | 0 | 0 | 70 | 79 | 95.00 | 1 | 2 |
| History - World History | 0 | 6 | 0 | 0 | 60 | 49 | 93.33 | 1 | 2 |
| Any History | 0 | 5 | 2 | 0 | 40 | 65 | 106.60 | 1 | 1 |
| Literature - American Literature | 0 | 2 | 0 | 1 | 20 | 134 | 139.00 | 0 | 0 |
| Literature - World Literature | 0 | 2 | 0 | 0 | 20 | 113 | 131.50 | 0 | 0 |
| Current Events | 0 | 2 | 1 | 0 | 15 | 52 | 75.50 | 0 | 1 |
| Literature - European Literature | 0 | 1 | 0 | 1 | 10 | 129 | 129.00 | 0 | 0 |
| Social Science | 0 | 1 | 0 | 0 | 10 | 79 | 79.00 | 0 | 0 |
| Fine Arts - Other Fine Arts | 0 | 1 | 0 | 0 | 10 | 167 | 167.00 | 0 | 0 |
| Mythology | 0 | 1 | 0 | 0 | 10 | 110 | 110.00 | 0 | 0 |
| Geography | 0 | 1 | 0 | 0 | 10 | 69 | 69.00 | 0 | 0 |
| Philosophy | 0 | 1 | 3 | 0 | -5 | 111 | 111.00 | 0 | 0 |